Penerapan nilai dan budaya kerja cemerlang dalam pentadbiran awam Malaysia = Inculcating values and excellent work culture in the public administration of Malaysia / (Record no. 2032)

000 -LEADER
fixed length control field nam a22 a 4500
003 - CONTROL NUMBER IDENTIFIER
control field AKMAL
005 - DATE AND TIME OF LATEST TRANSACTION
control field 20170515091822.0
008 - FIXED-LENGTH DATA ELEMENTS--GENERAL INFORMATION
fixed length control field 170515s1993 my f00 eng d
020 ## - INTERNATIONAL STANDARD BOOK NUMBER
International Standard Book Number 9679933172:
Terms of availability RM 40.00
039 #9 - LEVEL OF BIBLIOGRAPHIC CONTROL AND CODING DETAIL [OBSOLETE]
Level of rules in bibliographic description 201204301309
Level of effort used to assign nonsubject heading access points w_saiful
Level of effort used to assign subject headings 200904280834
Level of effort used to assign classification anisatul
040 ## - CATALOGING SOURCE
Original cataloging agency AKMAL
Transcribing agency AKMAL
043 ## - GEOGRAPHIC AREA CODE
Geographic area code a-my---
049 ## - LOCAL HOLDINGS (OCLC)
Holding library mal
082 04 - DEWEY DECIMAL CLASSIFICATION NUMBER
Classification number 354.595 AHM
090 ## - LOCALLY ASSIGNED LC-TYPE CALL NUMBER (OCLC); LOCAL CALL NUMBER (RLIN)
Classification number (OCLC) (R) ; Classification number, CALL (RLIN) (NR) 354.595
Local cutter number (OCLC) ; Book number/undivided call number, CALL (RLIN) AHM
090 ## - LOCALLY ASSIGNED LC-TYPE CALL NUMBER (OCLC); LOCAL CALL NUMBER (RLIN)
Classification number (OCLC) (R) ; Classification number, CALL (RLIN) (NR) 354.595
Local cutter number (OCLC) ; Book number/undivided call number, CALL (RLIN) AHM
100 ## - MAIN ENTRY--PERSONAL NAME
Personal name Ahmad Sarji Abdul Hamid,
Titles and words associated with a name Tan Sri Dato' Seri,
Dates associated with a name 1938-
9 (RLIN) 508
245 10 - TITLE STATEMENT
Title Penerapan nilai dan budaya kerja cemerlang dalam pentadbiran awam Malaysia = Inculcating values and excellent work culture in the public administration of Malaysia /
Statement of responsibility, etc. selected speeches of Tan Sri Dato' Seri Ahmad Sarji bin Abdul Hamid, Chief Secretary to the Government Malaysia ; prakata, preface,Tan Sri Dato' Mahmud Taib, Ketua Pengarah Perkhidmatan Awam Malaysia
260 ## - PUBLICATION, DISTRIBUTION, ETC.
Place of publication, distribution, etc. Kuala Lumpur :
Name of publisher, distributor, etc. Institut Tadbiran Awam Negara,
Date of publication, distribution, etc. 1993
300 ## - PHYSICAL DESCRIPTION
Extent xiii, 555p. ;
Dimensions 21cm
650 ## - SUBJECT ADDED ENTRY--TOPICAL TERM
Topical term or geographic name entry element Civil service ethics
Geographic subdivision Malaysia
9 (RLIN) 416
650 ## - SUBJECT ADDED ENTRY--TOPICAL TERM
Topical term or geographic name entry element Public administration
General subdivision Moral and ethical aspects
Geographic subdivision Malaysia
9 (RLIN) 4163
650 ## - SUBJECT ADDED ENTRY--TOPICAL TERM
Topical term or geographic name entry element Government executives
Geographic subdivision Malaysia
9 (RLIN) 4187
650 ## - SUBJECT ADDED ENTRY--TOPICAL TERM
Topical term or geographic name entry element Civil service
General subdivision Labour productivity
Geographic subdivision Malaysia
9 (RLIN) 4205
710 2# - ADDED ENTRY--CORPORATE NAME
Corporate name or jurisdiction name as entry element Malaysia.
Subordinate unit Institut Tadbiran Awam Negara
9 (RLIN) 4206
942 ## - ADDED ENTRY ELEMENTS (KOHA)
Source of classification or shelving scheme
Koha item type Book
Holdings
Withdrawn status Lost status Source of classification or shelving scheme Damaged status Not for loan Collection code Home library Current library Date acquired Inventory number Total Checkouts Full call number Barcode Date last seen Price effective from Koha item type
          NON-FICTION AKMAL Melaka AKMAL Melaka 15.05.2017 302375   354.595 AHM 201706333 15.05.2017 15.05.2017 Book
          NON-FICTION AKMAL Melaka AKMAL Melaka 15.05.2017 302374   354.595 AHM 201706334 15.05.2017 15.05.2017 Book
          NON-FICTION AKMAL Melaka AKMAL Melaka 15.05.2017 302379   354.595 AHM 201706335 15.05.2017 15.05.2017 Book
          NON-FICTION AKMAL Melaka AKMAL Melaka 15.05.2017 302383   354.595 AHM 201706336 15.05.2017 15.05.2017 Book
          NON-FICTION AKMAL Melaka AKMAL Melaka 15.05.2017 302377   354.595 AHM 201706337 15.05.2017 15.05.2017 Book
          NON-FICTION AKMAL Melaka AKMAL Melaka 15.05.2017 302381   354.595 AHM 201706338 15.05.2017 15.05.2017 Book
          NON-FICTION AKMAL Melaka AKMAL Melaka 15.05.2017 302380   354.595 AHM 201706339 15.05.2017 15.05.2017 Book
          NON-FICTION AKMAL Melaka AKMAL Melaka 15.05.2017 302382   354.595 AHM 201706340 15.05.2017 15.05.2017 Book
          NON-FICTION AKMAL Melaka AKMAL Melaka 15.05.2017 302373   354.595 AHM 201706341 15.05.2017 15.05.2017 Book
Pusat Sumber Maklumat Dato' Haji Sarmin Md Hussin, Akademi Kastam Diraja Malaysia, Melaka
Tel: 06-2331106 | Faks: 06-2313787